Państwa po właściwej stronie równika - nagła śmierć - Statystyki

Ogólne statystyki
  • Ten quiz został rozwiązany 4 148 razy
  • Średni wynik to 9 z 16
Answers on the Grid
Answers color-coded by a green-red scale on the quiz's grid according to % correct below.
Egipt
Gujana
Indie
Paragwaj
Etiopia
Filipiny
Arabia Saudyjska
Papua Nowa Gwinea
Madagaskar
Peru
Tajlandia
Panama
–––––
RÓWNIK
–––––
Zimbabwe
Boliwia
Irak
Kuba
Angola
Wenezuela
Malawi
Chile
Tanzania
Nowa Zelandia
Fidżi
Tunezja
 
Statystyki odpowiedzi
Odpowiedź % Poprawnych
Egipt
87%
Indie
69%
Arabia Saudyjska
65%
Nowa Zelandia
56%
Filipiny
54%
Chile
53%
Gujana
53%
Etiopia
52%
Panama
50%
Zimbabwe
50%
Tajlandia
49%
Angola
48%
Fidżi
48%
Tanzania
44%
Malawi
43%
Boliwia
42%
Nie znaleziono quizów pasujących do podanych kryteriów
Rozkład punktacji
Procent ludzi z każdym wynikiem
Percentyl według liczby udzielonych odpowiedzi
Twoja historia wyników
Nie rozwiązałeś tego quizu